000 00841cab a2200265 4500
001 ABS60684
008 090401t1999 xxu||||| |||| 00| 0 eng d
035 _a(Sirsi) u93372
041 _aeng
100 _aJayne, M.R.
245 _aISO 9000: is the real estate sector any different?
260 _c1999
350 _a0
490 _aProperty Management
_v17(2) 1999, 125-138(8)
520 _aAnalysis of the findings from a national survey across all sectors into the impacts of ISO 9000 on UK business and specifically the real estate sector. References.
650 _aISO 9000
650 _aMANAGEMENT SYSTEMS
650 _aPROPERTY SECTOR
650 _aREAL ESTATE
650 _aSURVEYS
690 _aMANAGEMENT-BUSINESS MANAGEMENT-PROFESSIONAL PRACTICE
700 _aButtle, F.A.
942 _n0
948 _c18/05/1999
999 _c59176
_d59176